000 00267nam a2200109Ia 4500
008 201216s9999 xx 000 0 und d
100 _aSelden, William
245 0 _a(The) Business Dictionary
260 _aEnglewood Cliffs
_bPrentice Hall
300 _a218
942 _cBK
999 _c6643
_d6643